| 000 | 00000nas 2200000za 4500 |
| 001 | 9.507824 |
| 003 | CaOODSP |
| 005 | 20230719104900 |
| 007 | cr ||||||||||| |
| 008 | 150406c19982003quczr p o||||f| |0eng|d |
| 040 | |aCaOODSP|beng |
| 043 | |an-cn--- |
| 086 | 1 |aEn151-5E-PDF |
| 245 | 00|aFive year report ... St. Lawrence Vision 2000 |h[electronic resource] / |c[issued by] St. Lawrence Vision 2000 Co-ordination Office. |
| 260 | |aSainte-Foy, Quebec : |bEnvironment Canada |
| 310 | |aEvery five years |
| 362 | 0 |a1993/1998-1998/2003. |
| 550 | |aCo-published by: Quebec Minster of the Environment. |
| 690 | 07|aEnvironmental protection|2gcpds |
| 690 | 07|aSustainable development|2gcpds |
| 690 | 07|aWater management|2gcpds |
| 710 | 1 |aCanada. |bEnvironment Canada. |bQuebec Region. |
| 710 | 2 |aSt. Lawrence Vision 2000 (Canada) |
| 775 | 08|tRapport quinquennal ... Saint-Laurent Vision 2000 |w(CaOODSP)9.504204 |
| 785 | 00|tSt. Lawrence Plan for a Sustainable Development - five year report / |w(CaOODSP)9.507931 |